000 00593nam a2200229Ia 4500
003 OSt
005 20220928102150.0
006 a|||||r|||| 00| 0
007 ta
008 220927b |||||||| |||| 00| 0 eng d
024 _a55130
037 _cTextual
040 _aSDCL
_cSDCL
_beng
041 _2eng
_aeng
082 _aO152,3N3495x, N8
100 _aBakshi Lochan
_9396887
245 0 _aTeesra prani.
260 _aDelhi
_bNatraj Prakashan
_c1998
300 _a144p.
_ccm.
942 _hO152,3N3495x, N8
_cTEXL
_2CC
999 _c712651
_d712651